DHL fleet - Statistics

General Stats
  • This quiz has been taken 9 times
  • The average score is 4 of 15
Answer Stats
Manufacturer Plane % Correct
Boeing 777F
71%
Boeing 737-800SF
57%
Boeing 747-8F
43%
Airbus A330-200F
43%
ATR ATR-72-500F
43%
Boeing 737-800BCF
29%
Boeing 737-300F
14%
Boeing 737-800BDCF
14%
Boeing 757-200PCF
14%
Boeing 767-200BDSF
14%
Airbus A300-600RF
14%
Boeing 737-300SF
0%
Boeing 737-400SF
0%
Airbus A321-200PCF
0%
ATR ATR-42-300F
0%
No matching quizzes found
Score Distribution
Percent of People with Each Score
Percentile by Number Answered
Your Score History
You have not taken this quiz